Asociatividad territorial : (Registro nro. 5113)

Detalles MARC
000 -LEADER
fixed length control field 01268nam a2200289Ia 4500
003 - CONTROL NUMBER IDENTIFIER
control field OSt
005 - DATE AND TIME OF LATEST TRANSACTION
control field 20201111095121.0
008 - FIXED-LENGTH DATA ELEMENTS--GENERAL INFORMATION
fixed length control field 191128s2013 ck gr 000 0 spa d
020 ## - INTERNATIONAL STANDARD BOOK NUMBER
International Standard Book Number 9789587834048
040 ## - CATALOGING SOURCE
Original cataloging agency CO-JMCR
Transcribing agency CO-JMCR
041 0# - LANGUAGE CODE
Language code of text/sound track or separate title spa
082 04 - DEWEY DECIMAL CLASSIFICATION NUMBER
Classification number 320.8 /
Item number E829a
Edition number 21
100 1# - MAIN ENTRY--PERSONAL NAME
Personal name Estupiñán Achury, Liliana,
Relator term editor
9 (RLIN) 2136
245 10 - TITLE STATEMENT
Title Asociatividad territorial :
Remainder of title enfoque comparado y análisis en el nuevo contexto de la organización territorial colombiana /
Statement of responsibility, etc. editores Liliana Estupiñán Achury, Manuel Alberto Restrepo Medina
250 ## - EDITION STATEMENT
Edition statement Primera edición
260 ## - PUBLICATION, DISTRIBUTION, ETC.
Place of publication, distribution, etc. Bogotá :
Name of publisher, distributor, etc. Universidad del Rosario,
Date of publication, distribution, etc. 2013
300 ## - PHYSICAL DESCRIPTION
Extent 337 páginas ;
Dimensions 24 cm.
490 0# - SERIES STATEMENT
Series statement Colección textos de jurisprudencia
504 ## - BIBLIOGRAPHY, ETC. NOTE
Bibliography, etc. note Bibliografía: páginas 335 - 337
505 0# - FORMATTED CONTENTS NOTE
Formatted contents note El principio de la asociatividad territorial desde la perspectiva comparada -- Colombia y el principio de asociatividad territorial
650 14 - SUBJECT ADDED ENTRY--TOPICAL TERM
Topical term or geographic name entry element Entidades territoriales
9 (RLIN) 2137
650 14 - SUBJECT ADDED ENTRY--TOPICAL TERM
Topical term or geographic name entry element Cooperación internacional
General subdivision relaciones internacionales
9 (RLIN) 2138
650 14 - SUBJECT ADDED ENTRY--TOPICAL TERM
Topical term or geographic name entry element Derecho comparado
General subdivision estudio de caso
9 (RLIN) 2139
650 14 - SUBJECT ADDED ENTRY--TOPICAL TERM
Topical term or geographic name entry element Derecho constitucional
General subdivision ordenamiento territorial
9 (RLIN) 2140
700 1# - ADDED ENTRY--PERSONAL NAME
Personal name Restrepo Medina, Manuel Alberto,
Relator term editor
9 (RLIN) 2141
942 ## - ADDED ENTRY ELEMENTS (KOHA)
Source of classification or shelving scheme Dewey Decimal Classification
Koha item type Books
Existencias
Withdrawn status Lost status Source of classification or shelving scheme Damaged status Not for loan Collection code Home library Current library Date acquired Source of acquisition Cost, normal purchase price Full call number Barcode Date last seen Copy number Koha item type
    Dewey Decimal Classification     Non-fiction Biblioteca Pública José María del Castillo y Rada Biblioteca Pública José María del Castillo y Rada 04/15/2018 Donación 0.00 320.8 / E829a 430001322 05/16/2024 Ej.1 Books